000 00719cam a2200217 4500
001 WB3607-24
008 000000n2000 000 0 eng u
035 _a(Sirsi) u104222
245 2 _aA digital seal of approval for online trading
260 _c2000
490 _aFinancial Times
_v 17 February 2000, 6(1)
520 _aA new digital hallmark has been launched for approved websites. The scheme comes as part of a drive to regulate and promote UK internet trading. http://www.uktrust.org.uk
590 _aWB
650 _aINTERNET TRADING
650 _aE-COMMERCE
650 _aWEB SITES
650 _aHALLMARKS
650 _aONLINE RETAILING
690 _aINFORMATION TECHNOLOGY-INTERNET
942 _n0
999 _c62542
_d62542